[Event "Hoogovens"]
[Site "Wijk aan Zee"]
[Date "1977.01.16"]
[Round "3"]
[White "Sosonko, Gennadi"]
[Black "Ligterink, Gert"]
[Result "1-0"]
[WhiteElo "2530"]
[BlackElo "2430"]
[Annotator "Bulletin"]
[PlyCount "83"]
[EventDate "1977.01.14"]
[EventType "tourn"]
[EventRounds "11"]
[EventCountry "NED"]
[EventCategory "11"]
[SourceTitle "MCL"]
[Source "ChessBase"]
[SourceDate "1999.07.01"]
[SourceVersion "1"]
[SourceVersionDate "1999.07.01"]
[SourceQuality "1"]

1. d4 Nf6 2. c4 e6 3. g3 c5 4. d5 exd5 5. cxd5 d6 6. Nc3 g6 7. Bg2 Bg7 8. Nf3
O-O 9. O-O a6 10. a4 Nbd7 11. e4 Re8 12. Re1 c4 13. Qe2 Qc7 14. Bf4 Ng4 $1 15.
Bf1 Qc5 $2 (15... Nde5 16. Bxe5 Nxe5 17. Nxe5 Bxe5 18. Qxc4 Qxc4 19. Bxc4 Bd7)
16. Nd2 $1 Nde5 17. h3 Nd3 18. hxg4 Bxg4 19. Qe3 $6 (19. Qxg4 Qxf2+ 20. Kh1
Nxe1) 19... Bd4 20. Bxd3 Bxe3 21. Bxe3 Qb4 22. Nxc4 b5 23. Na2 Qb3 24. Nc1 Qb4
25. Bd2 Qc5 26. Nb3 Qc7 27. Ne3 Bd7 (27... Bf3 28. Nd4 Bxe4 29. Ng4 Bxd3 30.
Nf6+) 28. Nd4 Qb6 29. Ndc2 (29. Nc6 $6 Bxc6 30. dxc6 Qd4) 29... bxa4 30. Nc4
Qb8 31. Bf4 Bb5 32. Bxd6 Qd8 33. Ba3 Bxc4 34. Bxc4 Rc8 35. Bd3 h5 36. Ne3 h4
37. d6 hxg3 38. fxg3 Rb8 39. Nd5 Qg5 40. Kg2 (40. Re3) 40... Qd2+ 41. Be2 Kg7
42. Rad1 1-0

[Event "World Cup"]
[Site "Khanty-Mansiysk"]
[Date "2007.12.05"]
[Round "4.4"]
[White "Bareev, Evgeny"]
[Black "Alekseev, Evgeny V"]
[Result "0-1"]
[WhiteElo "2653"]
[BlackElo "2716"]
[Annotator "CB"]
[PlyCount "82"]
[EventDate "2007.11.24"]
[EventType "k.o."]
[EventRounds "7"]
[EventCountry "RUS"]
[SourceTitle "CBM 122"]
[Source "ChessBase"]
[SourceDate "2008.01.30"]
[SourceVersion "1"]
[SourceVersionDate "2008.01.30"]
[SourceQuality "1"]

{As it often happens, in the must-win situation it is easily to cross the
limit.} 1. d4 Nf6 2. c4 e6 3. g3 c5 4. d5 exd5 5. cxd5 d6 6. Nc3 g6 7. Nf3 Bg7
8. Bg2 O-O 9. O-O Nbd7 10. a4 a6 11. Nd2 Nh5 12. Nce4 Ndf6 13. Nxf6+ Qxf6 14.
Nc4 Rb8 15. Nb6 Qd8 16. a5 Bd7 17. Bg5 f6 18. Bd2 f5 19. Rb1 Bb5 20. b4 cxb4
21. Rxb4 Qe7 22. Re1 Rbe8 23. Qb3 Nf6 24. Rxb5 axb5 25. Qxb5 Ne4 26. Bxe4 fxe4
27. Be3 h5 28. Rb1 Kh7 29. Qd7 Bh6 30. Bd4 Bg7 31. Bxg7 {Unfortunately for
Bareev, repeating the position with 31.Be3 was not an option for him. However,
the exchange of bishops leave White with the weakness on f2 and hands Black
over the advantage.} (31. Be3 $11) 31... Kxg7 32. Qxe7+ Rxe7 33. Nc4 Ref7 34.
Nxd6 Rxf2 35. Re1 e3 36. Nxb7 h4 37. Nc5 Kh6 38. d6 $2 (38. gxh4 {keeps some
to survive, but that would have made no difference for Bareev anyway.}) 38...
h3 $1 39. Ne4 Rg2+ 40. Kh1 Rxe2 $1 41. Rd1 Ra2 (41... Ra2 42. d7 e2 $19) 0-1

[Event "URS-ch FL56"]
[Site "Simferopol"]
[Date "1988.??.??"]
[Round "?"]
[White "Tukmakov, Vladimir B"]
[Black "Ulybin, Mikhail"]
[Result "1-0"]
[WhiteElo "2590"]
[BlackElo "2390"]
[Annotator "ChessBase"]
[PlyCount "83"]
[EventDate "1988.11.??"]
[EventType "tourn"]
[EventRounds "17"]
[EventCountry "URS"]
[EventCategory "10"]
[SourceTitle "CBM 011"]
[Source "ChessBase"]
[SourceDate "1989.08.01"]
[SourceVersion "1"]
[SourceVersionDate "1989.08.01"]
[SourceQuality "1"]

1. d4 e6 2. c4 Nf6 3. g3 c5 4. d5 exd5 5. cxd5 d6 6. Nc3 g6 7. Bg2 Bg7 8. Nf3
O-O 9. O-O a6 10. a4 Nbd7 11. Bf4 Qe7 12. h3 Rb8 13. Rb1 Nh5 14. Bg5 f6 15. Bd2
f5 16. b4 $6 {>= 16.Qc2! /\ b4} cxb4 17. Rxb4 Nc5 $2 (17... Nxg3 $1 18. fxg3
Bxc3 19. Bxc3 Qe3+) 18. Nd4 Bd7 19. Qb1 a5 20. Rc4 Nxa4 $5 21. Ncb5 $1 Bxb5 22.
Qxb5 Nc5 23. Ne6 (23. Bxa5 $2 Nxg3 $1) (23. Qxa5 $2 Bxd4 24. Rxd4 Nb3) 23...
Nxe6 24. dxe6 Nf6 25. Bxa5 Qxe6 26. Rc7 Ne4 27. Rd1 Rf7 28. Rxf7 Qxf7 $6 (28...
Kxf7 $1 29. Bc7 Re8 30. Qxb7 Re7) 29. Bxe4 fxe4 30. Rxd6 Qf5 31. Qb3+ Kh8 32.
Bc3 $1 Rf8 33. Bxg7+ Kxg7 34. Qxb7+ Kh6 35. Qa7 Rf7 36. Qe3+ Kg7 37. Qd4+ Kh6
38. g4 $1 Qf4 39. Re6 Rc7 40. Rxe4 Qg5 41. Re5 Qh4 42. Qd6 1-0

[Event "Porto San Giorgio op 9th"]
[Site "Porto San Giorgio"]
[Date "1997.??.??"]
[Round "9"]
[White "Dautov, Rustem"]
[Black "Cebalo, Miso"]
[Result "1/2-1/2"]
[WhiteElo "2595"]
[BlackElo "2485"]
[Annotator "Dautov,R"]
[PlyCount "116"]
[EventDate "1997.07.??"]
[EventType "swiss"]
[EventRounds "9"]
[EventCountry "ITA"]
[SourceTitle "EXT 2000"]
[Source "ChessBase"]
[SourceDate "1999.11.16"]
[SourceVersion "1"]
[SourceVersionDate "1999.11.16"]
[SourceQuality "1"]

1. d4 Nf6 2. Nf3 g6 3. c4 Bg7 4. g3 c5 5. d5 d6 6. Nc3 O-O 7. Bg2 e6 8. O-O
exd5 9. cxd5 a6 10. a4 Nbd7 11. Bf4 Qe7 12. h3 Nh5 13. Bg5 f6 14. Bd2 f5 15.
Qc1 Ndf6 {N} (15... Ne5 16. Rb1 Nxf3+ (16... Bd7 $142) 17. Bxf3 Nf6 18. b4 Ne4
19. Nxe4 fxe4 20. Bg2 b6 21. Be3 a5 22. bxc5 bxc5 23. Qc2 Ba6 24. Rb6 $16 {
Gleizerov,E-Mololkin,A/Volgograd 1995}) 16. Bh6 (16. Ng5 $142 $1 {Gleizerov}
Rb8 $5 {/\h6,/\b5} (16... h6 17. Ne6 Bxe6 18. dxe6 Qxe6 19. Bxh6 $1 (19. Bxb7
Rab8 20. Bxa6 (20. Bf3 Kh7 $11) 20... f4 21. Kh2 fxg3+ 22. fxg3 Qe5 $44) 19...
d5 20. Bxg7 Kxg7 21. e3 Rac8 22. Rd1 Rfd8 23. Rd3 $14) 17. Re1 $1 (17. e4 $6
Nxe4 (17... h6 $5 18. Ne6 Bxe6 19. dxe6 Nxe4 $13) 18. Ncxe4 (18. Ngxe4 fxe4 19.
Nxe4 Bxh3 $17) 18... fxe4 19. Re1 Bd4 20. Be3 Bxe3 21. Qxe3 Nf6 22. Nxe4 Nxe4
23. Qxe4 Qf6 $11) 17... h6 (17... b5 18. axb5 axb5 19. e4 Nxe4 20. Ncxe4 fxe4
21. Nxe4 $36) 18. Ne6 Bxe6 19. dxe6 Kh7 20. e4 Qxe6 21. exf5 Qxf5 22. Be3 $44 {
/\g4}) 16... Bd7 17. a5 Rae8 18. Bxg7 Kxg7 19. Ra3 $5 {/\Rb3,Nd2-c4} Bc8 (19...
Ne4 20. Nxe4 (20. Rb3 Bc8 21. Nd2 Nxd2 22. Qxd2 f4 $1 23. g4 Nf6 $36) 20...
fxe4 21. Nd2 Nf6 22. Re3 Nxd5 23. Rxe4 Be6 24. Nc4 Nf6 25. Re3 d5 26. Nb6 $14)
20. Re1 (20. Nd2 $142 $14) 20... Qd8 (20... Ne4 $5 21. e3 (21. Nd2 $2 Nxf2 $1)
(21. Nxe4 $2 fxe4 22. Nd2 Qf6 23. Rf1 e3 $17) 21... Nhf6 22. Nd2 Nxd2 23. Qxd2
$14) 21. Nd2 Nd7 (21... f4 $2 22. g4 $16) 22. Nc4 (22. e3 Ne5 23. Qc2 g5 24. f4
Ng6 25. Ne2 $13) 22... Ne5 23. Nxe5 Rxe5 24. f4 Ree8 25. Nb1 $1 (25. Kh2 Nf6
26. e4 fxe4 27. Nxe4 Nxe4 28. Rxe4 Rxe4 29. Bxe4 Re8 30. Bg2 Qf6 $132) 25...
Nf6 (25... g5 $2 26. fxg5 f4 27. g4 Ng3 28. e4 $1 Re5 (28... Qxg5 $4 29. Rxg3)
29. Nd2 Rxg5 30. Nf3 Rg6 31. Qc3+ Kg8 32. e5 $16) 26. Nd2 Bd7 (26... b5 27.
axb6 Qxb6 28. Nc4 Qc7 29. Qc3 Kg8 30. Qa5 Qxa5 31. Rxa5 Rd8 32. b4 cxb4 33. Rb1
$16) 27. Qc3 Kg8 28. b4 cxb4 29. Qxb4 Bb5 30. e3 $14 Rf7 31. Rc1 Rc7 32. Rxc7 (
32. Rac3 $5 Rxc3 33. Qxc3 Qe7 (33... b6 34. axb6 Nh5 35. Kh2 (35. Kf2 Qxb6 36.
Bf3 Ng7 37. Nb3 Bd7 38. Na5 Rc8 39. Nc6 $16) 35... Qxb6 36. Re1 $1 $16 {
/\e4,/\Bf3}) 34. Re1 $14) 32... Qxc7 33. Rc3 Qd8 34. Kh2 (34. Nb3 Ne4 35. Bxe4
Rxe4 36. Nd4 Be8 $132) 34... h5 35. Nf3 (35. e4 fxe4 36. Nxe4 Nxe4 37. Bxe4 Qf6
$132) (35. Bf3 $14) 35... Ne4 (35... Nxd5 $4 36. Qb3 Bc6 37. Nd4 $18) 36. Rc1 (
36. Rc2 Nc5 $1 (36... b6 37. axb6 Qxb6 38. Nd4 Nc5 39. Ne6 $1 Nxe6 40. dxe6
Qxe3 41. Qxd6 $16) 37. Ne5 Nd3 $1 38. Nxd3 Bxd3 39. Rc3 Bb5 $14) 36... b6 (
36... Nc5 37. Ne5 $1 Rxe5 (37... h4 38. Rxc5 dxc5 39. Qxc5 hxg3+ 40. Kxg3 Qf6
41. d6 $16) (37... dxe5 38. Qxc5 $16) 38. fxe5 Nd3 39. Qh4 $1 g5 40. Rc8 $1
Qxc8 41. Qxg5+ Kf8 42. Qxh5 $40) 37. axb6 Qxb6 38. Nd4 $138 Nc5 39. Rc3 {/\Ne6}
(39. Ne6 $2 Nxe6 40. dxe6 Qxe3 41. Rc7 h4 42. gxh4 Rxe6 $17) (39. Qc3 {/\Ne6}
Bd7 (39... Na4 40. Qa1 $16 {/\Ne6}) 40. Nc6 Ne4 $132) 39... Kh7 $1 40. Bf1 $2 (
40. Bf3 {/\g4} Qb8 41. Nc6 $14 (41. g4 hxg4 42. hxg4 Bd7 $11)) 40... Rb8 $11
41. Bxb5 (41. Bg2 Bd7 $11) 41... axb5 42. Ne6 (42. Ra3 Qb7 $1 43. Ne6 (43. Nc6
Ra8 $11) 43... Qxd5 44. Ra7+ Kh6 45. Ng5 Nb7 $1 (45... Rb7 46. Ra8 $40) 46.
Qxd6 $1 Qc4 $1 47. Qd2 b4 48. Qg2 b3 49. Rxb7 Rxb7 50. Qxb7 Qe2+ 51. Kh1 Qf1+
$11) 42... Nxe6 43. dxe6 Re8 44. Qb3 d5 (44... b4 $11) 45. Qxd5 Qxe6 46. Rc7+
Kh6 47. g4 $2 (47. Qxe6 Rxe6 48. Rb7 $11) 47... hxg4 48. Qxe6 (48. Qd4 g3+ $1
$15) 48... Rxe6 49. hxg4 fxg4 50. Rb7 Rxe3 51. Rxb5 Rf3 52. Kg2 Rxf4 53. Kg3
Rf5 54. Rb4 Kh5 55. Rb8 Rf3+ 56. Kg2 Rc3 57. Ra8 Kg5 58. Rb8 Re3 1/2-1/2

[Event "Capablanca Memorial-A"]
[Site "Cuba"]
[Date "1993.??.??"]
[Round "5"]
[White "Hernandez Guerrero, Gilberto Eduardo"]
[Black "Vilela de Acuna, Jose Luis"]
[Result "1/2-1/2"]
[WhiteElo "2505"]
[BlackElo "2430"]
[Annotator "Ernst,T"]
[PlyCount "169"]
[EventDate "1993.??.??"]
[EventType "tourn"]
[EventRounds "13"]
[EventCountry "CUB"]
[EventCategory "10"]
[SourceTitle "CBM 036"]
[Source "ChessBase"]
[SourceDate "1993.10.01"]
[SourceVersion "1"]
[SourceVersionDate "1993.10.01"]
[SourceQuality "1"]

1. d4 Nf6 2. c4 e6 3. g3 c5 4. d5 exd5 5. cxd5 d6 6. Nc3 g6 7. Bg2 Bg7 8. Nf3
O-O 9. O-O Re8 10. h3 a6 11. a4 Nbd7 12. Re1 Rb8 13. Bf4 Qc7 (13... Qe7 14. e4
Nh5 15. Be3 Ne5 16. Nxe5 Qxe5 17. f4 Qe7 18. Bf2 $16 {Es droht der Durchbruch
e4-e5!}) 14. e4 Nh5 15. Be3 b5 (15... Nhf6 16. Nd2 (16. Qc2 b5 17. axb5 axb5
18. Bf1 b4 19. Nb5 Rxb5 20. Bxb5 Rxe4 21. Ra8 $16 {Der weisse Turm dringt in
die schwarze Stellung ein.}) 16... b5 17. axb5 axb5 18. Bf1 b4 19. Nb5 Qb6 20.
Bf4 $16 {Eine Traumstellung fur Weiss in der moderne Benoniverteidigung.}) (
15... Bxc3 16. bxc3 Rxe4 $44 {Weiss muss beweisen, dass die Schwachung der
Diagonale h8-a1 ihm genugend Kompensation fur die geringe Materialeinbusse
bietet.}) 16. axb5 axb5 17. Bf1 $1 {Die Pointe des weissen Planes, die den
Vorstoss des b-Bauern provoziert, nach- dem Weiss eine positionelle
Gewinnstellung erlangen wurde.} b4 $2 {Nach diesem Fehler bekommt der
Nachziehende bald eine ungeniessbare Stellung, richtig ist nur 17.-Db6.} (17...
Qb6 18. Nd2 (18. Bxb5 Bxc3 19. Bxd7 Bxd7 20. bxc3 Rxe4 $10) (18. Nxb5 $6 Rxe4
19. Nd2 Rb4 20. Nc4 $2 Qxb5 $19) 18... Ba6 19. Ra2 Ra8 20. Qa1 Qb7 21. Ra5 c4
22. Na2 Qc7 23. Nc3 Qb7 24. Na2 $10 {Razuvaev-Arnason/Jurmala/1987/}) 18. Nb5
Qb6 (18... Rxb5 19. Bxb5 Rxe4 20. Qc2 $16 {Weiss hat zwei offene Linien fur
seine Turme, die fur Schwarz gefahrlich werden konnen.}) 19. Nd2 $1 $16 Ne5 20.
Na7 Bd7 21. g4 {Razuvaev hatte dieselbe Stellung schon in seiner Partie gegen
Panchenko, UdssR (ch) 1984 und brauchte nicht viel Bedenkzeit fur die
Eroffnung. Der Text sich- ert Raumvorteil am Konigsflugel vor der forcierten
Abwicklung, die bald folgt.} Nf6 (21... Ra8 $2 22. gxh5 Rxa7 23. Rxa7 Qxa7 24.
f4 $18) 22. g5 Nh5 {Hier steht der Springer sicher, aber er kann nicht an
Operationen am Damenflu- gel teilnehmen.} 23. f4 Ra8 24. fxe5 Rxa7 25. Nc4 Qb8
26. Rxa7 Qxa7 27. Nxd6 Rxe5 28. Qf3 $16 Re7 29. b3 Be5 30. Nc4 Bc3 31. Rd1 {
Weiss hat eine schone Stellung mit gedecktem Freibauern, schwacher schwarzer
Bauer c5. Der Gewinn sollte eigentlich eine Frage der Zeit sein, aber Bernd
Stein verteidigt sich zah.} Re8 32. Bg2 h6 $1 {Das Bauernopfer ist die
Einleitung zu einem starken Gegenspiel. Dabei musste auch der Zug 33.Df2 genau
berechnet werden.} 33. gxh6 (33. Qf2 hxg5 34. Bxc5 Qb8 35. Nd6 Rf8 $13 {
Schwarz ist noch am Leben!}) 33... f5 34. exf5 Bxf5 35. Nd6 Rf8 36. Nxf5 Rxf5
37. Qg4 Kh7 38. Qc4 (38. d6 Nf6 39. Qc4 $16 {Der weisse Freibauer ist eine
Macht.}) 38... Bd4 39. Bxd4 cxd4 40. Qxd4 Qd7 41. Ra1 {Hier wurde die Partie
abgebrochen. Trotz zweier Mehrbauern ist die Gewinnfuhr- ung problematisch
wegen des schlechten Laufers und der schlechten Konigsstell- ung von Weiss.
Der schwarze Konig steht dagegen sicher wegen des Sh5.} (41. Re1 Nf4 42. d6 Rf7
43. Kh2 Nxg2 44. Kxg2 Qf5 $1 $44 {Schwarz hat genugend Gegenspiel.}) 41... Kxh6
{Dieser Zug und die nachsten zwei Zuge sind alle erzwungen. Das schwarze Spiel
hangt auf einem dunnen Haar.} (41... Nf4 $2 42. Ra7 Ne2+ 43. Kh2 Nxd4 44. Rxd7+
Kxh6 45. d6 $16 {Weiss steht klar besser, der Freibauer ist zu gefahrlich.})
42. Ra8 {Droht Matt oder Damengewinn.} (42. Qxb4 $6 Nf4 {Schwarz hat starken
Angriff.}) (42. Ra7 Qd6 43. h4 Rf6 44. Qd2+ Nf4 $44 {Es droht Db6+, der
Freibauer ist zuverlassig blockiert.}) 42... Rf6 43. Qe5 Qd6 $1 44. Qxd6 Rxd6
45. Rc8 (45. Rb8 Nf4 46. Rxb4 Nxg2 47. Kxg2 Rxd5 $14 {Wegen des reduzierten
Materiales ist ein Unentschieden wahrscheinlich.}) 45... Nf4 46. Rc6 Rd8 47. d6
Kg5 {Schwarz behalt den Springer, ein gewagter Entschluss.} (47... Nxg2 48.
Kxg2 Kg5 49. Kf3 Kf5 50. Rc5+ Ke6 51. Rb5 Rxd6 52. Rxb4 {Dieses Turmendspiel
bietet grossere Gewinnchancen als das vorige (Anmerkung zum 45. Zug des
Weissen.), weil sein Konig etwas mehr Raum zum Manovrieren hat.}) 48. Bf1 Kf5
49. Kf2 Ke5 50. Kg3 Ne6 51. Rb6 Rxd6 52. Rxb4 Nd4 $1 {Der zentrale Springer
dominiert das Spiel. Der Entschluss im 47. Zug war also richtig!} 53. Rb8 (53.
Bd3 Nf5+ 54. Bxf5 gxf5 $10) 53... Nf5+ 54. Kf3 {Weiss muss aufpassen, so dass
sein Konig nicht auf die erste Reihe zuruckgedr- angt wird.} Rd1 55. Re8+ Kf6
56. Bc4 Nd4+ 57. Kf2 Rb1 58. Rb8 Ke5 59. Ke3 (59. b4 Nc6 60. Re8+ Kd4 $10)
59... Nf5+ {Die Bewegung des Springers in diesem Endspiel gleicht die eines
Pendels.} (59... Rh1 $4 60. Re8+ $18) 60. Kd3 Rh1 61. Rh8 Nd6 {Ein neues Feld
fur den Springer, er greift den Laufer an und nimmt dem Turm das Feld e8.} 62.
Kc3 (62. b4 $2 Rd1+ $10) 62... g5 {Der Bauer darf wieder nicht vorrucken. 63.
b4?? verliert sogar nach Tc1+. Weiss findet kein gutes Feld fur seinen Laufer.}
63. Kb4 Kd4 64. Be6 Re1 $1 65. Rh6 Re4 66. Bd7 Kd5+ 67. Ka3 Re7 68. Bg4 Nb5+
69. Ka4 Nd4 $1 {Der Springer ist wieder zu d4 zuruckgekehrt, es droht Ta7+,
und 70.b4?? schei- tert an Matt.} 70. Ra6 Re5 {Der Turm deckt den Bauern g5
und kann nicht vom Laufer angegriffen werden. Der Turmtausch bringt auch
keinen Erfolg, wie die folgende Variante zeigt.} 71. Rg6 (71. Ra5+ Kd6 72. Rxe5
Kxe5 73. b4 Kd6 74. Bh5 (74. Ka5 Nc6+ 75. Kb5 Nxb4 $10) 74... Kc7 75. Bg6 Kb6
76. Be4 Ne2 77. Kb3 Nf4 78. Bf5 Nd5 $3 79. Be6 Nxb4 80. Kxb4 Kc6 $10) (71. b4
Re1 72. Ka5 Ra1+ 73. Kb6 Rxa6+ 74. Kxa6 Kc4 75. b5 Nxb5 76. Be2+ Kd4 $10) 71...
Ke4 $1 {Der einzige Zug, Schwarz war namlich in Zugzwang!} (71... Nc2 $2 72. b4
$16) 72. b4 Kd3 {Der Konig schleicht sich an den Freibauern heran, es ist
merkwurdig wie passiv der Laufer steht. Das ist ein Ergebnis der grossartigen
Verteidigung des Hamburger Amateurspielers!} 73. Rg8 Re1 {Droht wieder Matt.}
74. Ka5 Re5+ $1 (74... Ra1+ 75. Kb6 Rb1 76. Kc5 Rc1+ 77. Kd6 Rb1 78. Rxg5 Rxb4
79. h4 $16 {Gegenuber der Partiefortsetzung hat Schwarz viel Zeit verloren.})
75. Ka6 Rb5 76. Bd7 Rxb4 77. Rxg5 Rb2 $10 78. h4 Ke4 79. h5 Rh2 80. Kb6 Kf4 81.
Rd5 Nf3 82. Kc5 Ne5 83. Be8 Kf5 84. Kd6 Kf6 85. Rxe5 (85. Rxe5 Rd2+ 86. Rd5
Rxd5+ 87. Kxd5 Kg7 $10) 1/2-1/2

[Event "EU-chT (Men) 21st"]
[Site "Heraklion"]
[Date "2017.11.01"]
[Round "5.2"]
[White "Kelires, Andreas"]
[Black "Short, Nigel D"]
[Result "1-0"]
[WhiteElo "2510"]
[BlackElo "2698"]
[Annotator "Fernandez,D"]
[PlyCount "65"]
[EventDate "2017.10.28"]
[EventType "team-swiss"]
[EventRounds "9"]
[EventCountry "GRE"]
[SourceTitle "CBM 182"]
[Source "ChessBase"]
[SourceDate "2018.01.17"]
[SourceVersion "1"]
[SourceVersionDate "2018.01.17"]
[SourceQuality "1"]
[WhiteTeam "Greece II"]
[BlackTeam "England"]
[WhiteTeamCountry "GRE"]
[BlackTeamCountry "ENG"]
[WhiteClock "0:03:15"]
[BlackClock "0:02:16"]

{One final messy attack for the road.} 1. d4 Nf6 2. c4 e6 3. g3 c5 4. d5 exd5
5. cxd5 d6 6. Nc3 g6 7. Bg2 Bg7 8. Nf3 O-O 9. O-O Nbd7 10. h3 a6 11. a4 Rb8 12.
Bf4 Qc7 13. Rc1 Re8 14. Qd2 b5 15. axb5 axb5 16. b4 Ba6 17. Bh6 Bh8 18. Qf4 Qb6
19. Ng5 Re7 20. Nce4 $5 {Playing 'va banque'.} (20. Rfd1 {and a whole host of
other normal moves were possible, and the position stays level.}) 20... Nxd5
21. Qh4 Bb7 22. Rfd1 (22. Nxh7 $6 {looks good at first glance only.} Re5 23.
Bf3 Kxh7 (23... f5 $5) 24. Nxd6 Bf6 $15) 22... Rbe8 (22... cxb4 $5 23. Nxh7 Re5
24. Nhg5 {Completely understandable that Black might not want this, but at the
same time - White lacks a threat, and it turns out Black can just play} Rbe8 $1
$15) 23. bxc5 dxc5 24. Nxc5 Nxc5 25. Bxd5 Bxd5 26. Rxd5 $11 {Regaining the
pawn and White has equalised. In human terms he is doing rather well as he has
an attack on the king...} Nb3 27. Rcd1 Rxe2 (27... f6 28. Qb4 $1) 28. Qf4 f6 $6
(28... Qf6 {I'm not sure White had a plan against this, and it's not clear he
can even recover his material, but he's luckily not worse:} 29. Qxf6 Bxf6 30.
R1d3 (30. Rxb5 Nd4 31. Ra5 Nf5 $1 $17) 30... Nc1 31. Rf3 Bxg5 32. Bxg5 R2e5 33.
Rxe5 Rxe5 34. Bh6 $11) 29. Rd7 (29. Qf3 {immediately would have set up some
beautiful ideas based on the epaulette mate:} fxg5 30. Rd8 $1 Bf6 $8 (30... Bg7
31. Qxb3+ Kh8 32. Qf7) (30... Rxd8 31. Rxd8+ Qxd8 32. Qxb3+) 31. R8d6 $3 Qxf2+
32. Qxf2 Rxf2 33. Kxf2 $16) 29... Nc5 30. Qf3 R2e5 $4 {I suspect this was an
attempt to win quickly.} (30... Nxd7 31. Rxd7 Qxf2+ 32. Qxf2 Rxf2 33. Kxf2 fxg5
34. Bxg5 {cannot possibly have escaped Nigel's notice, but some detail that
enables the pawn to be retained might have, e.g.} b4 (34... Be5 $5 $15 {
seems best}) 35. Rb7 Bc3 36. Be7 b3 $1 37. Ba3 Bd4+ 38. Kf3 Re3+ $15 {Black
can try for a while to win this, although it should not work.}) 31. R1d6 $1 $18
Rf5 32. Rxb6 (32. Qe2 $3 {is a nice extra, but you only need to win once.})
32... Rxf3 33. Re7 $1 (33. Nxf3 {Even if Black had expected this, the line
should not be preferred to the immediate ...Nxd7, because here it is obvious
that White will regain his pawn.} Nxd7 34. Rxb5 $11) 1-0

[Event "Vienna op"]
[Site "Vienna"]
[Date "1990.??.??"]
[Round "7"]
[White "Roeder, Mathias"]
[Black "Gavrikov, Viktor"]
[Result "1/2-1/2"]
[WhiteElo "2445"]
[BlackElo "2580"]
[Annotator "Ftacnik,L"]
[PlyCount "65"]
[EventDate "1990.10.??"]
[EventType "swiss"]
[EventRounds "9"]
[EventCountry "AUT"]
[SourceTitle "CBM 021"]
[Source "ChessBase"]
[SourceDate "1991.04.01"]
[SourceVersion "1"]
[SourceVersionDate "1991.04.01"]
[SourceQuality "1"]

1. d4 Nf6 2. c4 e6 3. Nf3 c5 4. d5 exd5 5. cxd5 d6 6. Nc3 g6 7. Bf4 a6 8. a4
Qe7 9. g3 Nbd7 10. h3 Rb8 11. a5 Bg7 12. Bg2 O-O 13. O-O Nh5 14. Bg5 f6 15. Bd2
f5 16. Qc1 (16. Re1 Ne5 17. Nxe5 Bxe5 18. e3 b5 19. axb6 Rxb6 20. Na4 Rb8 21.
Qc2 g5 $132 {Savchenko-Ragozin, Leningrad (tch) 1989}) 16... Ne5 17. Nxe5 Qxe5
18. f4 (18. e3 b5 19. axb6 Rxb6 20. Na4 Rb8 21. Bc3 $10) 18... Qe7 19. Kh2 b5
20. axb6 Rxb6 21. e4 (21. Re1 Nf6 22. e4 fxe4 23. Nxe4 Rxb2 24. Nxc5 $13) 21...
fxe4 (21... Bxc3 $6 22. Bxc3 fxe4 23. Re1 $40) 22. Ra4 (22. Re1 $5 Qb7 23. Ra2
Nf6 $13) 22... Nf6 (22... Rb4 23. Rxb4 cxb4 24. Nxe4 Bf5 25. Re1) 23. Nxe4 Rxb2
$1 (23... Nxd5 24. Qc4 Be6 25. Nxc5 $10) (23... Nxe4 24. Rxe4 Qf7 25. Bc3) 24.
Re1 (24. Qxb2 $2 Ng4+ $1 $19) (24. Bc3 Rxg2+ 25. Kxg2 Bxh3+ $1 (25... Nxe4 26.
Bxg7 Kxg7 27. Re1 Qd7 28. Raxe4 Qxh3+ 29. Kf2 Qh2+ 30. Ke3 (30. Kf3 Bg4+ 31.
Kxg4 Qh5#) 30... Qxg3+ 31. Kd2 $17) 26. Kxh3 Qd7+ 27. Kg2 Qxa4 28. Nxd6 Qa2+
$17) 24... Nxe4 $6 (24... Qd7 $1 $17) 25. Raxe4 Qf6 26. Re7 Bh8 $8 (26... Rf7
27. Re8+ Rf8 28. R8e7) (26... Qd4 27. Rxg7+ Qxg7 28. Bc3 Rxg2+ 29. Kxg2 Qd7 30.
Re6) 27. f5 $1 Qxf5 (27... Bxf5 28. Bh6) (27... Qd4 28. Bh6 Qxd5 29. Qxb2 $18)
28. Rf1 (28. Bh6 $4 Qxh3+ $19) 28... Qd3 29. Rxf8+ Kxf8 30. Qe1 Qxd2 (30... Be5
31. Rxe5 dxe5 32. Bh6+ Kf7 33. Qxe5 Rxg2+ (33... Rb7 $2 34. Qg7+ Ke8 35. Qf8+
Kd7 36. Qf7+ Kd6 37. Bf4#) 34. Kxg2 $10) 31. Re8+ Kg7 32. Qe7+ Kh6 33. Qh4+ {
Ftacnik,L} 1/2-1/2